00739nam a2200205 a 45000010005000000030005000050050017000100080041000270200015000680400020000831000027001032450076001302460066002062600032002723000011003044900031003155050134003466500026004807000027005061898CDMR20131023095137.0130130s1976||||||||||||||||||||||||||||d a8424404033 aCDMRbcatcCDMR1 aLiebert, Robert Mandel13aLa TV y los niñoscRobert M. Liebert, John M. Neale, Emily S. Davison 1aThe Early Window: Effects of Television on Children and Youth aBarcelonac1976bFontanella a361 p.0 aEducación - Sociedadv31 aConté apèndix a l'edició castellana: Una experiencia concreta realizada en una escuela de Barcelona de Joan Soler i Amigó04aTelevisió i infants1 aSoler i Amigó, Joan